Online Catalogue and eLibrary

Lalitavistara and the evolution of Buddha legend (Record no. 922)

MARC details
000 -LEADER
fixed length control field 00453nam a2200181Ia 4500
005 - DATE AND TIME OF LATEST TRANSACTION
control field 20240729021544.0
008 - FIXED-LENGTH DATA ELEMENTS--GENERAL INFORMATION
fixed length control field 240331s9999 xx 000 0 und d
020 ## - INTERNATIONAL STANDARD BOOK NUMBER
ISBN 8172000030
082 ## - DDC Classification
Class No. 294.3
Item Number - Author Mark KHO
100 ## - MAIN ENTRY--PERSONAL NAME
Personal name Khosla, S
245 #0 - TITLE STATEMENT
Title Lalitavistara and the evolution of Buddha legend
260 ## - PUBLICATION, DISTRIBUTION, ETC.
Place of publication, distribution, etc. New Delhi
Name of publisher, distributor, etc. Galaxy Publications
Date of publication, distribution, etc. 1991
300 ## - PHYSICAL DESCRIPTION
Extent (e.g. Volumes, Pages etc.) xvi, 141 p .,
650 ## - SUBJECT ADDED ENTRY--TOPICAL TERM
Topical term or geographic name entry element Religion
650 ## - SUBJECT ADDED ENTRY--TOPICAL TERM
Topical term or geographic name entry element Political
650 ## - SUBJECT ADDED ENTRY--TOPICAL TERM
Topical term or geographic name entry element Social
942 ## - Koha item type (Biblio)
Koha item type Books in Stacks (Lending)
Holdings
Lost status Damaged status Collection code Home library Current library Shelving location Date acquired Full call number Accession Number Item type
    Lending WERC Library WERC Library Social Science Cupboard 03/31/2024 294.3 KHO 584 Books in Stacks (Lending)

© WERC Library